[Event "Rheinland Pfalz Seniors op"]
[Site "Altenkirchen"]
[Date "2023.09.12"]
[Round "8"]
[White "Heck, Norbert"]
[Black "Richter, Gerald"]
[Result "1/2-1/2"]
[WhiteElo "2174"]
[BlackElo "1962"]
[PlyCount "137"]
[EventDate "2023.09.05"]
[EventType "swiss"]
[EventRounds "9"]
[EventCountry "GER"]
[SourceTitle "EXT 2024"]
[Source "ChessBase"]
[SourceDate "2023.10.10"]
[SourceVersion "1"]
[SourceVersionDate "2023.10.10"]
[SourceQuality "1"]

1. Nf3 c5 2. g3 Nc6 3. Bg2 g6 4. 0-0 Bg7 5. c4 e6 6. Nc3 Nge7 7. d3 0-0 8. Bd2 d6 9. a3 a5 10. Rb1 h6 11. Ne1 d5 12. cxd5 exd5 13. Na4 b6 14. b4 cxb4 15. axb4 Be6 16. b5 Nd4 17. e3 Ndf5 18. Bc3 Rc8 19. Bxg7 Kxg7 20. Nf3 Kh7 21. e4 dxe4 22. dxe4 Nd6 23. Nd4 Bc4 24. Re1 f5 25. exf5 Nexf5 26. Ne6 Bxe6 27. Rxe6 Rc4 28. Rc1 Rd4 29. Qc2 Nxb5 30. Rxb6 Rd2 31. Rb7+ Ng7 32. Qc5 Rfxf2 33. Bf1 Qd4 34. Qxd4 Nxd4 35. Rc3 Nf3+ 36. Rxf3 Rxf3 37. Bh3 Ra3 38. Nc5 Ra1+ 39. Bf1 Rdd1 40. Ne6 Rxf1+ 41. Kg2 Rf6 42. Rxg7+ Kh8 43. Re7 Re1 44. Re8+ Kh7 45. Ng5+ hxg5 46. Re5 Re4 47. Rxe4 Rd6 48. Re1 Ra6 49. Re3 a4 50. Ra3 g4 51. Kf2 g5 52. Ke3 Kg6 53. Ke4 Ra5 54. Ra2 a3 55. Kd4 Kf6 56. Ke4 Ke6 57. Kd4 Kd6 58. Kc4 Kc6 59. Kb4 Ra8 60. Kc4 Ra4+ 61. Kb3 Kb5 62. Kc3 Ra6 63. Kb3 Rf6 64. Re2 Rf3+ 65. Ka2 Rc3 66. Re4 Rc4 67. Re5+ Kb4 68. Re2 Rc3 69. Re4+ 1/2-1/2

[Event "Rheinland Pfalz Seniors op"]
[Site "Altenkirchen"]
[Date "2023.09.05"]
[Round "1"]
[White "Boscher, Hans"]
[Black "Richter, Gerald"]
[Result "1/2-1/2"]
[WhiteElo "1629"]
[BlackElo "1962"]
[PlyCount "91"]
[EventDate "2023.09.05"]
[EventType "swiss"]
[EventRounds "9"]
[EventCountry "GER"]
[SourceTitle "EXT 2024"]
[Source "ChessBase"]
[SourceDate "2023.10.10"]
[SourceVersion "1"]
[SourceVersionDate "2023.10.10"]
[SourceQuality "1"]

1. e4 c5 2. Nf3 d6 3. Bb5+ Nd7 4. 0-0 a6 5. Bd3 g6 6. c3 Bg7 7. Bc2 b5 8. a4 Bb7 9. Qe2 Ngf6 10. d4 0-0 11. Re1 cxd4 12. cxd4 b4 13. a5 e5 14. d5 Nc5 15. Be3 Nfd7 16. Nbd2 Qe7 17. Nb3 Rfc8 18. Nfd2 Rab8 19. Nxc5 Nxc5 20. Nb3 Nd7 21. Bd3 Ra8 22. Ra4 Rcb8 23. Rc1 f5 24. f3 fxe4 25. fxe4 Bc8 26. Rc6 Bf8 27. Bxa6 Bxa6 28. Rxa6 Rxa6 29. Qxa6 Qh4 30. Qe2 Nf6 31. Bf2 Qxe4 32. Qxe4 Nxe4 33. Bb6 Nf6 34. Rxb4 Nxd5 35. Rb5 Ne7 36. Nd2 d5 37. Rb3 Nc8 38. Bc7 Ra8 39. Rb8 Rxb8 40. Bxb8 Bc5+ 41. Kf1 e4 42. Nb3 Ba7 43. Bxa7 Nxa7 44. Nd4 Kf7 45. b4 Ke7 46. Ke2 1/2-1/2

[Event "Altenkirchen Seniors op 19th"]
[Site "Altenkirchen"]
[Date "2022.07.27"]
[Round "9"]
[White "Richter, Gerald"]
[Black "Paus, Franz"]
[Result "1-0"]
[WhiteElo "1966"]
[BlackElo "2022"]
[PlyCount "57"]
[EventDate "2022.07.19"]
[EventType "swiss"]
[EventRounds "9"]
[EventCountry "GER"]
[SourceTitle "EXT 2023"]
[Source "ChessBase"]
[SourceDate "2022.10.05"]
[SourceVersion "1"]
[SourceVersionDate "2022.10.05"]
[SourceQuality "1"]

1. d4 Nf6 2. c4 g6 3. Nc3 d5 4. cxd5 Nxd5 5. e4 Nxc3 6. bxc3 Bg7 7. Nf3 c5 8. Be3 Qa5 9. Qd2 b6 10. Bd3 Ba6 11. Bxa6 Nxa6 12. 0-0 0-0 13. Qe2 Rac8 14. Rac1 Rfd8 15. Rfd1 c4 16. g4 h6 17. Kg2 Qa4 18. Ng1 Kh7 19. f4 b5 20. Nf3 b4 21. Ne5 Bxe5 22. fxe5 bxc3 23. Rf1 Kg7 24. Bxh6+ Kg8 25. Qf2 Qe8 26. Rxc3 Nb4 27. Rh3 Nd3 28. Qh4 Qa4 29. Bd2 1-0

[Event "Altenkirchen Seniors op 19th"]
[Site "Altenkirchen"]
[Date "2022.07.24"]
[Round "6"]
[White "Richter, Gerald"]
[Black "Klundt, Klaus"]
[Result "1/2-1/2"]
[WhiteElo "1966"]
[BlackElo "2288"]
[PlyCount "80"]
[EventDate "2022.07.19"]
[EventType "swiss"]
[EventRounds "9"]
[EventCountry "GER"]
[SourceTitle "CBM 209 Extra"]
[Source "ChessBase"]
[SourceDate "2022.09.30"]
[SourceVersion "1"]
[SourceVersionDate "2022.09.30"]
[SourceQuality "1"]

1. d4 Nf6 2. c4 e6 3. Nf3 d5 4. Nc3 Be7 5. Bg5 h6 6. Bh4 0-0 7. e3 Ne4 8. Bxe7 Qxe7 9. Rc1 c6 10. Bd3 Nxc3 11. Rxc3 Nd7 12. 0-0 dxc4 13. Bxc4 b6 14. Qe2 c5 15. Rfc1 e5 16. dxc5 Nxc5 17. Bd5 Ba6 18. Qc2 Rad8 19. e4 Bb5 20. b4 Ba4 21. Qb2 Ne6 22. Ra3 Bb5 23. Qxe5 Be2 24. Rb3 Bxf3 25. gxf3 Rfe8 26. Bxe6 Qxe6 27. Qxe6 Rxe6 28. Kf1 Rd2 29. Rc8+ Kh7 30. Ra3 Rb2 31. Rxa7 Rd6 32. Rxf7 Rdd2 33. Rcc7 Rxf2+ 34. Ke1 Rg2 35. Kf1 Rbf2+ 36. Ke1 Rxa2 37. Kf1 Raf2+ 38. Ke1 Rb2 39. Kf1 Rg6 40. f4 Rgg2 1/2-1/2

[Event "Altenkirchen Seniors op 19th"]
[Site "Altenkirchen"]
[Date "2022.07.22"]
[Round "4"]
[White "Richter, Gerald"]
[Black "Bruns, Patrick"]
[Result "1-0"]
[WhiteElo "1966"]
[BlackElo "1748"]
[PlyCount "79"]
[EventDate "2022.07.19"]
[EventType "swiss"]
[EventRounds "9"]
[EventCountry "GER"]
[SourceTitle "CBM 209 Extra"]
[Source "ChessBase"]
[SourceDate "2022.09.30"]
[SourceVersion "1"]
[SourceVersionDate "2022.09.30"]
[SourceQuality "1"]

1. d4 d5 2. c4 c6 3. Nf3 Nf6 4. Nc3 e6 5. e3 a6 6. Qc2 Bb4 7. Bd3 dxc4 8. Bxc4 Nd5 9. 0-0 Nxc3 10. bxc3 Bd6 11. e4 c5 12. a4 Nc6 13. e5 Be7 14. Be3 Na5 15. Bd3 Bd7 16. Bxh7 g6 17. Bxg6 fxg6 18. Qxg6+ Kf8 19. Bh6+ Rxh6 20. Qxh6+ Kg8 21. Qg6+ Kh8 22. Ng5 Bxg5 23. f4 Be8 24. Qxg5 Qxg5 25. fxg5 cxd4 26. cxd4 Bc6 27. Rf6 Bd5 28. Raf1 Nc6 29. R1f4 Ne7 30. h4 Rc8 31. h5 Nf5 32. h6 Rc1+ 33. Rf1 Rc2 34. Rf2 Rc1+ 35. Rf1 Rc2 36. Rf2 Rc1+ 37. Kh2 Kg8 38. R2xf5 exf5 39. Rd6 Bc6 40. g6 1-0

[Event "Altenkirchen Seniors op 19th"]
[Site "Altenkirchen"]
[Date "2022.07.21"]
[Round "3"]
[White "Ranker, Klemens"]
[Black "Richter, Gerald"]
[Result "0-1"]
[WhiteElo "1804"]
[BlackElo "1966"]
[PlyCount "59"]
[EventDate "2022.07.19"]
[EventType "swiss"]
[EventRounds "9"]
[EventCountry "GER"]
[SourceTitle "CBM 209 Extra"]
[Source "ChessBase"]
[SourceDate "2022.09.30"]
[SourceVersion "1"]
[SourceVersionDate "2022.09.30"]
[SourceQuality "1"]

1. e4 c5 2. Bc4 e6 3. Nc3 Nc6 4. d3 Nf6 5. Bg5 Be7 6. Nf3 d6 7. 0-0 a6 8. a4 Bd7 9. Qd2 Qc7 10. h3 0-0 11. Bb3 Na5 12. Ba2 b5 13. b3 b4 14. Ne2 Nc6 15. c4 e5 16. Bb1 Ne8 17. Bc2 Qd8 18. Bxe7 Qxe7 19. Ng3 g6 20. Rae1 Ng7 21. Bd1 Ne6 22. Qh6 f6 23. Re3 Ncd8 24. Nh4 Nf4 25. Ngf5 Bxf5 26. Nxf5 gxf5 27. Rg3+ Kh8 28. exf5 Nc6 29. Re1 Nd4 30. Kh2 0-1

[Event "Heusenstamm Sparkassen op-A 6th"]
[Site "Heusenstamm"]
[Date "2019.11.22"]
[Round "2"]
[White "Richter, Gerald"]
[Black "Kemper, Yannik"]
[Result "1-0"]
[WhiteElo "2024"]
[BlackElo "1808"]
[PlyCount "45"]
[EventDate "2019.11.21"]
[EventType "swiss"]
[EventRounds "7"]
[EventCountry "GER"]
[SourceTitle "CBM 194 Extra"]
[Source "ChessBase"]
[SourceDate "2020.03.31"]
[SourceVersion "1"]
[SourceVersionDate "2020.03.31"]
[SourceQuality "1"]

1. d4 Nf6 2. c4 g6 3. Nc3 Bg7 4. e4 d6 5. Nf3 0-0 6. Be2 e5 7. 0-0 Nc6 8. d5 Ne7 9. b4 Nh5 10. Re1 Nf4 11. Bf1 h6 12. Bxf4 exf4 13. Rc1 a5 14. a3 axb4 15. axb4 g5 16. c5 f5 17. e5 g4 18. exd6 cxd6 19. Nd4 dxc5 20. bxc5 Ra5 21. d6 Nc6 22. Ndb5 b6 23. Qd5+ 1-0

[Event "Heusenstamm Sparkassen op-A 6th"]
[Site "Heusenstamm"]
[Date "2019.11.22"]
[Round "3"]
[White "Werner, Rosalie"]
[Black "Richter, Gerald"]
[Result "0-1"]
[WhiteElo "1592"]
[BlackElo "2024"]
[PlyCount "110"]
[EventDate "2019.11.21"]
[EventType "swiss"]
[EventRounds "7"]
[EventCountry "GER"]
[SourceTitle "CBM 194 Extra"]
[Source "ChessBase"]
[SourceDate "2020.03.31"]
[SourceVersion "1"]
[SourceVersionDate "2020.03.31"]
[SourceQuality "1"]

1. e4 c5 2. Nf3 d6 3. d4 cxd4 4. Nxd4 Nf6 5. Nc3 a6 6. Be2 e5 7. Nb3 Be6 8. 0-0 Be7 9. Re1 Nbd7 10. Bf3 h6 11. a4 b6 12. Be3 0-0 13. a5 b5 14. Nd5 Bxd5 15. exd5 Rc8 16. Qd3 Qc7 17. c3 Rfe8 18. Nd2 Nc5 19. Qf5 g6 20. Qc2 Bf8 21. b4 Ncd7 22. Rac1 Qb7 23. Qd3 Nh7 24. g4 Ndf6 25. h3 Qe7 26. Bf4 Nd7 27. Bg3 Qf6 28. Ne4 Qg7 29. Nd2 Nhf6 30. Ne4 Nxe4 31. Bxe4 Rc4 32. Kg2 Be7 33. f3 Bg5 34. Rc2 Qf6 35. Qe2 Rec8 36. Qd3 Kg7 37. Rh1 Bh4 38. Bxh4 Qxh4 39. Qe3 R8c7 40. Rhc1 Nf6 41. Rd2 Qg5 42. Re2 Nxe4 43. fxe4 Rxe4 44. Qxg5 Rxe2+ 45. Kf3 hxg5 46. Kxe2 f5 47. Ke3 e4 48. Kd2 Kf6 49. c4 bxc4 50. Kc3 Ke5 51. Rf1 f4 52. b5 axb5 53. Rb1 e3 54. Rxb5 f3 55. Rb8 f2 0-1

[Event "Arber op 6th"]
[Site "Bodenmais"]
[Date "2017.08.02"]
[Round "5"]
[White "Friedel, Marcus"]
[Black "Richter, Gerald"]
[Result "1/2-1/2"]
[WhiteElo "2188"]
[BlackElo "2055"]
[PlyCount "70"]
[EventDate "2017.07.29"]
[EventType "swiss"]
[EventRounds "9"]
[EventCountry "GER"]
[SourceTitle "CBM 179 Extra"]
[Source "ChessBase"]
[SourceDate "2017.08.23"]
[SourceVersion "1"]
[SourceVersionDate "2017.08.23"]
[SourceQuality "1"]

1. e4 c5 2. c3 d5 3. exd5 Qxd5 4. d4 Nf6 5. Nf3 e6 6. Na3 a6 7. Nc4 Nbd7 8. Be2 Be7 9. 0-0 b5 10. Ne3 Qd6 11. a4 Rb8 12. axb5 axb5 13. Ra5 c4 14. Ra1 Nd5 15. Nxd5 exd5 16. Re1 0-0 17. Ne5 Nxe5 18. dxe5 Qc6 19. Bf3 Be6 20. Be3 b4 21. Qa4 Qxa4 22. Rxa4 bxc3 23. bxc3 Rb3 24. Bd4 Bg5 25. Rd1 Rfb8 26. h3 h6 27. Kh2 R8b5 28. g3 Rb2 29. Kg2 Bd2 30. Ra8+ Kh7 31. Rd8 Rc2 32. Rd6 Rbb2 33. Bxd5 Bxd5+ 34. Rxd5 Bxc3 35. Bxc3 Rxf2+ 1/2-1/2

[Event "Arber op 6th"]
[Site "Bodenmais"]
[Date "2017.08.01"]
[Round "4"]
[White "Engelmann, Chris"]
[Black "Richter, Gerald"]
[Result "0-1"]
[WhiteElo "1719"]
[BlackElo "2055"]
[PlyCount "34"]
[EventDate "2017.07.29"]
[EventType "swiss"]
[EventRounds "9"]
[EventCountry "GER"]
[SourceTitle "CBM 179 Extra"]
[Source "ChessBase"]
[SourceDate "2017.08.23"]
[SourceVersion "1"]
[SourceVersionDate "2017.08.23"]
[SourceQuality "1"]

1. e4 c5 2. Nf3 e6 3. d4 cxd4 4. Nxd4 Nf6 5. Nc3 d6 6. Bg5 Be7 7. f4 a6 8. Qf3 Nbd7 9. 0-0-0 Qc7 10. g4 b5 11. Bxb5 axb5 12. Ndxb5 Qb8 13. e5 Bb7 14. Qe2 dxe5 15. fxe5 Nd5 16. Bxe7 Nxc3 17. Nxc3 Kxe7 0-1

[Event "NRW Class2 1617"]
[Site "Germany"]
[Date "2017.03.26"]
[Round "8.2"]
[White "Richter, Gerald"]
[Black "Kabatianski, Alexander"]
[Result "0-1"]
[WhiteElo "2114"]
[BlackElo "2394"]
[PlyCount "54"]
[EventDate "2016.09.25"]
[EventType "team-tourn"]
[EventRounds "9"]
[EventCountry "GER"]
[SourceTitle "EXT 2023"]
[Source "ChessBase"]
[SourceDate "2022.10.05"]
[SourceVersion "1"]
[SourceVersionDate "2022.10.05"]
[SourceQuality "1"]
[WhiteTeam "Siegen"]
[BlackTeam "Emsdetten Rochade"]
[WhiteTeamCountry "GER"]
[BlackTeamCountry "GER"]

1. d4 Nf6 2. c4 e6 3. Nf3 c5 4. Nc3 cxd4 5. Nxd4 Bb4 6. Bd2 0-0 7. a3 Be7 8. e4 d6 9. Be3 b6 10. Be2 Bb7 11. f3 Nbd7 12. 0-0 a6 13. b4 Rc8 14. Qb3 Qc7 15. Rac1 Qb8 16. Rfd1 Bd8 17. Kh1 Bc7 18. Bg1 Kh8 19. Bf1 g5 20. g3 g4 21. Bg2 gxf3 22. Bxf3 Ne5 23. Bg2 Bd8 24. c5 bxc5 25. bxc5 dxc5 26. Nf3 Nxf3 27. Bxf3 Bxe4 0-1

[Event "NRW Class2 1617"]
[Site "Germany"]
[Date "2017.02.12"]
[Round "6.2"]
[White "Richter, Gerald"]
[Black "Nordsieck, Thomas"]
[Result "1/2-1/2"]
[WhiteElo "2114"]
[BlackElo "2344"]
[PlyCount "62"]
[EventDate "2016.09.25"]
[EventType "team-tourn"]
[EventRounds "9"]
[EventCountry "GER"]
[SourceTitle "EXT 2023"]
[Source "ChessBase"]
[SourceDate "2022.10.05"]
[SourceVersion "1"]
[SourceVersionDate "2022.10.05"]
[SourceQuality "1"]
[WhiteTeam "Siegen"]
[BlackTeam "Herford Koenigsspringer"]
[WhiteTeamCountry "GER"]
[BlackTeamCountry "GER"]

1. d4 g6 2. c4 Bg7 3. Nf3 c5 4. Nc3 cxd4 5. Nxd4 b6 6. e4 Bb7 7. Be3 d6 8. Qd2 Nf6 9. f3 0-0 10. Be2 Nbd7 11. 0-0 Re8 12. Rfd1 a6 13. Rac1 Rc8 14. Bf1 e6 15. Bg5 Bf8 16. Kh1 Be7 17. Be3 Qc7 18. Qf2 Qb8 19. Na4 d5 20. cxd5 exd5 21. Rxc8 Rxc8 22. exd5 Nxd5 23. Nb3 Re8 24. Bd4 Bf6 25. Bxf6 N7xf6 26. Qd4 Qe5 27. Qxe5 Rxe5 28. Kg1 h5 29. Kf2 Kf8 30. Rd4 Kg7 31. h4 Kf8 1/2-1/2

[Event "NRW Class2 1617"]
[Site "Germany"]
[Date "2017.01.22"]
[Round "5.2"]
[White "Wigger, Jochen"]
[Black "Richter, Gerald"]
[Result "1-0"]
[WhiteElo "2292"]
[BlackElo "2114"]
[PlyCount "87"]
[EventDate "2016.09.25"]
[EventType "team-tourn"]
[EventRounds "9"]
[EventCountry "GER"]
[SourceTitle "EXT 2023"]
[Source "ChessBase"]
[SourceDate "2022.10.05"]
[SourceVersion "1"]
[SourceVersionDate "2022.10.05"]
[SourceQuality "1"]
[WhiteTeam "Niederkassel"]
[BlackTeam "Siegen"]
[WhiteTeamCountry "GER"]
[BlackTeamCountry "GER"]

1. b3 d5 2. Bb2 Nf6 3. e3 Bf5 4. Nf3 h6 5. d4 e6 6. Bd3 Bxd3 7. Qxd3 Nbd7 8. Nbd2 Be7 9. e4 dxe4 10. Nxe4 c6 11. 0-0 0-0 12. Rfd1 Qc7 13. c4 Rad8 14. Nc3 Rfe8 15. Qc2 Qa5 16. a3 Qh5 17. Ne2 Bd6 18. Ng3 Bxg3 19. hxg3 Ng4 20. Re1 f5 21. Re2 Ndf6 22. Rae1 Kf7 23. b4 a6 24. Qa4 Re7 25. Qa5 Rdd7 26. Qc5 g5 27. a4 Qg6 28. Qb6 Ne4 29. Qa5 Nd6 30. Qc5 Ne4 31. Qb6 Nd6 32. Rc1 Ne4 33. Qa5 Kg8 34. Ne5 Nxe5 35. Qxe5 Kf7 36. f3 Nf6 37. Kf2 Ne8 38. Qc5 Nf6 39. Rce1 Ng8 40. Qb6 Re8 41. b5 axb5 42. axb5 cxb5 43. Qxb5 Nf6 44. d5 1-0

[Event "Staufer op 29th"]
[Site "Schwaebisch Gmuend"]
[Date "2017.01.03"]
[Round "4"]
[White "Keymer, Vincent"]
[Black "Richter, Gerald"]
[Result "1-0"]
[WhiteElo "2428"]
[BlackElo "2104"]
[PlyCount "85"]
[EventDate "2017.01.02"]
[EventType "swiss"]
[EventRounds "9"]
[EventCountry "GER"]
[SourceTitle "CBM 176 Extra"]
[Source "ChessBase"]
[SourceDate "2017.03.02"]
[SourceVersion "1"]
[SourceVersionDate "2017.03.02"]
[SourceQuality "1"]

1. d4 Nf6 2. c4 e6 3. Nf3 b6 4. g3 Bb4+ 5. Nbd2 0-0 6. Bg2 Bb7 7. 0-0 d5 8. cxd5 exd5 9. a3 Bd6 10. b3 Nbd7 11. Bb2 Re8 12. e3 a5 13. Nh4 g6 14. Nc4 Bf8 15. Ne5 Bg7 16. Nhf3 Ne4 17. Qc2 c5 18. Nxd7 Qxd7 19. dxc5 Bxb2 20. c6 Qxc6 21. Qxb2 Qc3 22. Qxc3 Nxc3 23. Nd4 Ba6 24. Rfc1 Rac8 25. Rc2 Rc7 26. Bh3 Bd3 27. Rd2 Bb1 28. Bf1 g5 29. h3 Ree7 30. g4 Rc8 31. Ba6 Ra8 32. Ne2 Nxe2+ 33. Bxe2 Be4 34. Rc1 Raa7 35. f3 Bg6 36. Kf2 Rad7 37. Rc6 Re6 38. Bb5 Rdd6 39. Rxd6 Rxd6 40. Bc4 dxc4 41. Rxd6 cxb3 42. Rxb6 Bc2 43. a4 1-0

[Event "NRW Class2 1617"]
[Site "Germany"]
[Date "2016.12.11"]
[Round "4.2"]
[White "Richter, Gerald"]
[Black "Himmel, Hansjoerg"]
[Result "0-1"]
[WhiteElo "2114"]
[BlackElo "2245"]
[PlyCount "84"]
[EventDate "2016.09.25"]
[EventType "team-tourn"]
[EventRounds "9"]
[EventCountry "GER"]
[SourceTitle "EXT 2023"]
[Source "ChessBase"]
[SourceDate "2022.10.05"]
[SourceVersion "1"]
[SourceVersionDate "2022.10.05"]
[SourceQuality "1"]
[WhiteTeam "Siegen"]
[BlackTeam "Kamen SV"]
[WhiteTeamCountry "GER"]
[BlackTeamCountry "GER"]

1. d4 e6 2. c4 b6 3. e4 Bb7 4. Bd3 Bb4+ 5. Bd2 Bxd2+ 6. Qxd2 Ne7 7. Nc3 d6 8. 0-0-0 Nd7 9. f4 e5 10. Nf3 exd4 11. Nxd4 0-0 12. g4 Re8 13. h4 Nc6 14. Nf5 Nb4 15. Bb1 Nc5 16. g5 Qd7 17. Qd4 Ne6 18. Qf2 Nc5 19. Qd4 Ne6 20. Qf2 Nc5 21. Rhe1 a5 22. b3 Bc6 23. Qd4 Ne6 24. Qd2 Nc5 25. Nd5 b5 26. Qc3 Ne6 27. Nxg7 Nxd5 28. cxd5 Nxg7 29. dxc6 Qg4 30. f5 Re5 31. Rd5 b4 32. Qd4 Nxf5 33. Qf2 Nxh4 34. Rxe5 dxe5 35. Rf1 Rf8 36. Qf6 Qg3 37. Bc2 Ng6 38. Rd1 Nf4 39. Kb1 Ne6 40. Rd5 Nd4 41. Qxe5 Qe1+ 42. Kb2 Qc3+ 0-1

[Event "NRW Class2 1617"]
[Site "Germany"]
[Date "2016.10.23"]
[Round "2.2"]
[White "Richter, Gerald"]
[Black "Baltic, Fatih"]
[Result "0-1"]
[WhiteElo "2114"]
[BlackElo "2190"]
[PlyCount "58"]
[EventDate "2016.09.25"]
[EventType "team-tourn"]
[EventRounds "9"]
[EventCountry "GER"]
[SourceTitle "EXT 2023"]
[Source "ChessBase"]
[SourceDate "2022.10.05"]
[SourceVersion "1"]
[SourceVersionDate "2022.10.05"]
[SourceQuality "1"]
[WhiteTeam "Siegen"]
[BlackTeam "Bochum SG II"]
[WhiteTeamCountry "GER"]
[BlackTeamCountry "GER"]

1. d4 Nf6 2. c4 e6 3. Nf3 Bb4+ 4. Nbd2 0-0 5. a3 Be7 6. e4 d5 7. e5 Nfd7 8. b4 a5 9. b5 c5 10. Bd3 cxd4 11. cxd5 Nc5 12. Bxh7+ Kxh7 13. d6 Bxd6 14. exd6 Qxd6 15. Nc4 Qd5 16. Nb6 Qf5 17. Nxa8 e5 18. 0-0 f6 19. Nb6 Be6 20. Bd2 Nb3 21. Rb1 Qd3 22. a4 e4 23. Rxb3 Bxb3 24. Qb1 Bc2 25. Qb2 exf3 26. Bxa5 fxg2 27. Rc1 Bd1 28. Kxg2 Bf3+ 29. Kg3 Be4+ 0-1

[Event "GER-chA Seniors 28th"]
[Site "Niederhausen"]
[Date "2016.08.19"]
[Round "7"]
[White "Richter, Gerald"]
[Black "Herbrechtsmeier, Christof"]
[Result "0-1"]
[WhiteElo "2084"]
[BlackElo "2257"]
[PlyCount "70"]
[EventDate "2016.08.13"]
[EventType "swiss"]
[EventRounds "9"]
[EventCountry "GER"]
[SourceTitle "EXT 2019"]
[Source "ChessBase"]
[SourceDate "2018.10.10"]
[SourceVersion "1"]
[SourceVersionDate "2018.10.10"]
[SourceQuality "1"]

1. d4 Nf6 2. c4 g6 3. Nc3 d5 4. cxd5 Nxd5 5. e4 Nxc3 6. bxc3 Bg7 7. Nf3 0-0 8. Be2 b6 9. 0-0 Qd7 10. Be3 Ba6 11. Re1 Rd8 12. Qc2 Bxe2 13. Rxe2 Nc6 14. e5 Na5 15. c4 f6 16. Rc1 fxe5 17. dxe5 Qd3 18. c5 b5 19. Bg5 Qxc2 20. Rexc2 Nc6 21. h4 a5 22. Re2 Rd5 23. e6 b4 24. Bf4 Ra7 25. Rd2 Rxd2 26. Nxd2 Nd4 27. Re1 a4 28. Re3 c6 29. g4 h6 30. Kg2 Rb7 31. Be5 b3 32. axb3 a3 33. Bxg7 Kxg7 34. b4 Ra7 35. Re1 a2 0-1

[Event "GER-chA Seniors 28th"]
[Site "Niederhausen"]
[Date "2016.08.18"]
[Round "6"]
[White "Pruefer, Friedbert"]
[Black "Richter, Gerald"]
[Result "0-1"]
[WhiteElo "2188"]
[BlackElo "2084"]
[PlyCount "82"]
[EventDate "2016.08.13"]
[EventType "swiss"]
[EventRounds "9"]
[EventCountry "GER"]
[SourceTitle "EXT 2019"]
[Source "ChessBase"]
[SourceDate "2018.10.10"]
[SourceVersion "1"]
[SourceVersionDate "2018.10.10"]
[SourceQuality "1"]

1. d4 d5 2. g3 g6 3. Bg2 Bg7 4. Nf3 Nf6 5. 0-0 0-0 6. c4 c6 7. cxd5 cxd5 8. Nc3 Nc6 9. Ne5 e6 10. Nxc6 bxc6 11. Na4 Nd7 12. Be3 Ba6 13. Rc1 Qa5 14. b3 Rfc8 15. Rc2 Bb5 16. Nc3 Ba6 17. Qc1 c5 18. dxc5 Rab8 19. Rd1 Kh8 20. Na4 Rc6 21. Bf4 Rbc8 22. e4 Nxc5 23. exd5 Nxb3 24. Rxc6 Nxc1 25. Rxc8+ Bxc8 26. Rxc1 Ba6 27. d6 Qxa4 28. Bc6 Qd4 29. d7 Bf6 30. Be3 Qd6 31. Bxa7 Kg7 32. Bb6 h5 33. h4 Bb7 34. Bxb7 Qxb6 35. Bf3 Bd8 36. a4 Kf6 37. Bc6 Qd4 38. Bb5 Bb6 39. Rf1 Ke7 40. Kg2 e5 41. f4 e4 0-1

[Event "GER-chA Seniors 28th"]
[Site "Niederhausen"]
[Date "2016.08.17"]
[Round "5"]
[White "Richter, Gerald"]
[Black "Clemens, Christian"]
[Result "1/2-1/2"]
[WhiteElo "2084"]
[BlackElo "2205"]
[PlyCount "44"]
[EventDate "2016.08.13"]
[EventType "swiss"]
[EventRounds "9"]
[EventCountry "GER"]
[SourceTitle "EXT 2019"]
[Source "ChessBase"]
[SourceDate "2018.10.10"]
[SourceVersion "1"]
[SourceVersionDate "2018.10.10"]
[SourceQuality "1"]

1. d4 f5 2. g3 Nf6 3. Bg2 e6 4. Nf3 d5 5. 0-0 Bd6 6. c4 c6 7. b3 Qe7 8. a4 0-0 9. Ba3 Bxa3 10. Nxa3 b6 11. Ne5 Bb7 12. Nc2 a5 13. Ne1 Nbd7 14. N1d3 Rac8 15. Rc1 c5 16. dxc5 Nxe5 17. Nxe5 Rxc5 18. Qd4 Rd8 19. Rfd1 Qc7 20. Qb2 Ne4 21. Nd3 Rc6 22. Ne5 Rc5 1/2-1/2

[Event "GER-chA Seniors 28th"]
[Site "Niederhausen"]
[Date "2016.08.16"]
[Round "4"]
[White "Kierzek, Matthias"]
[Black "Richter, Gerald"]
[Result "1/2-1/2"]
[WhiteElo "2217"]
[BlackElo "2084"]
[PlyCount "37"]
[EventDate "2016.08.13"]
[EventType "swiss"]
[EventRounds "9"]
[EventCountry "GER"]
[SourceTitle "EXT 2019"]
[Source "ChessBase"]
[SourceDate "2018.10.10"]
[SourceVersion "1"]
[SourceVersionDate "2018.10.10"]
[SourceQuality "1"]

1. d4 d5 2. c4 e6 3. Nc3 Be7 4. Nf3 Nf6 5. Bg5 h6 6. Bh4 0-0 7. e3 b6 8. Be2 Bb7 9. Bxf6 Bxf6 10. cxd5 exd5 11. b4 c5 12. bxc5 bxc5 13. 0-0 Nc6 14. Rb1 Rb8 15. Qd2 cxd4 16. Nxd4 Nxd4 17. exd4 Bc6 18. Bf3 Qa5 19. Rfd1 1/2-1/2

[Event "Staufer op 26th"]
[Site "Schwaebisch Gmuend"]
[Date "2014.01.06"]
[Round "9"]
[White "Richter, Gerald"]
[Black "Wagner, Florian"]
[Result "1/2-1/2"]
[WhiteElo "2101"]
[BlackElo "2189"]
[PlyCount "63"]
[EventDate "2014.01.02"]
[EventType "swiss"]
[EventRounds "9"]
[EventCountry "GER"]
[SourceTitle "CBM 158 Extra"]
[Source "ChessBase"]
[SourceDate "2014.02.28"]
[SourceVersion "1"]
[SourceVersionDate "2014.02.28"]
[SourceQuality "1"]

1. d4 g6 2. Nf3 Bg7 3. g3 c5 4. c3 Qc7 5. Bg2 Nf6 6. 0-0 0-0 7. Re1 d6 8. e4 e5 9. Nbd2 Nc6 10. dxe5 dxe5 11. Qc2 Rd8 12. Nf1 h6 13. Be3 b6 14. Rad1 Be6 15. Bc1 Na5 16. b3 c4 17. b4 Nc6 18. Ne3 a5 19. b5 Ne7 20. a4 Ng4 21. h3 Nxe3 22. Bxe3 f5 23. Nh4 f4 24. Bc1 Bf6 25. Nf3 g5 26. gxf4 gxf4 27. Ba3 Ng6 28. Rxd8+ Rxd8 29. Rd1 Rxd1+ 30. Qxd1 Be7 31. Bxe7 Qxe7 32. h4 1/2-1/2

[Event "Dresden ZMD op 22nd"]
[Site "Dresden"]
[Date "2013.08.10"]
[Round "1"]
[White "Teske, Henrik"]
[Black "Richter, Gerald"]
[Result "1-0"]
[WhiteElo "2536"]
[BlackElo "2127"]
[PlyCount "31"]
[EventDate "2013.08.10"]
[EventType "swiss"]
[EventRounds "9"]
[EventCountry "GER"]
[SourceTitle "CBM 155 Extra"]
[Source "ChessBase"]
[SourceDate "2013.08.26"]
[SourceVersion "1"]
[SourceVersionDate "2013.08.26"]
[SourceQuality "1"]

1. e4 c5 2. Nf3 d6 3. d4 cxd4 4. Nxd4 Nf6 5. Nc3 a6 6. Bg5 Nbd7 7. Bc4 e6 8. Qe2 Qa5 9. f4 b5 10. Bd5 Nxd5 11. exd5 Nc5 12. dxe6 fxe6 13. f5 e5 14. Qh5+ g6 15. fxg6 Bg4 16. Qxg4 1-0